000 00868nam a2200241Ia 4500
003 OSt
005 20220923220414.0
006 a|||||r|||| 00| 0
007 ta
008 220922b |||||||| |||| 00| 0 hin d
024 _a186,396
037 _cTextual
040 _aARTS
_cARTS
_bhin
041 _2hin
_ahin
082 _aY:393.2, 152M8
100 _aगंगाधर, मधुकर
245 0 _aभारतीय प्रसारण
_b विविध आयाम (व्रूावसायिक शास्त्र)
246 _aBhāratīya prasāraṇa: vividh āyām (vrūāvasāyik shāstra)
260 _aनई दिल्ली
_b प्रवीण प्रकाशन
_c1988
300 _a301 पृ.
_ccm.
942 _hY:393.2, 152M8
_cTEXL
_2CC
999 _c339640
_d339640